000 00316nam a22001457a 4500
020 _a978-93-83756-24-7
082 _a894.812.3
_bBEN/E
100 _aBENYAMIN
245 _aERUNDA VANASTHALIKAL
260 _aKOZHIKODE
_bOLIVU PUBLICATIONS
_c201
300 _a106
520 _aNOVEL
650 _aNOVEL
942 _cBK
999 _c4835
_d4835